[Event "Klatovy op 28th"]
[Site "Klatovy"]
[Date "2022.07.02"]
[Round "1"]
[White "Janous, Marek"]
[Black "Langmajer, Jan"]
[Result "1-0"]
[WhiteElo "2175"]
[BlackElo "1869"]
[PlyCount "73"]
[EventDate "2022.07.02"]
[EventType "swiss"]
[EventRounds "9"]
[EventCountry "CZE"]
[SourceTitle "EXT 2023"]
[Source "ChessBase"]
[SourceDate "2022.10.05"]
[SourceVersion "1"]
[SourceVersionDate "2022.10.05"]
[SourceQuality "1"]

1. e4 e5 2. Nf3 Nc6 3. d4 exd4 4. Nxd4 Nf6 5. Nxc6 bxc6 6. e5 Qe7 7. Qe2 Nd5 8. h4 Rb8 9. g3 g6 10. c4 Nb6 11. h5 Bg7 12. f4 Rg8 13. hxg6 hxg6 14. b3 Ba6 15. Ba3 Qe6 16. Nc3 f5 17. Bg2 Kf7 18. 0-0-0 Rh8 19. Qd2 Rxh1 20. Bxh1 Rd8 21. c5 Na8 22. Nd5 Bb7 23. Ne3 Bh6 24. Bf3 Bc8 25. Rh1 Kg7 26. Qh2 Rh8 27. g4 fxg4 28. Nxg4 g5 29. Nxh6 Rxh6 30. Qxh6+ Qxh6 31. Rxh6 Kxh6 32. f5 g4 33. Bxg4 d6 34. e6 Kg5 35. Bh3 dxc5 36. Bxc5 Nb6 37. Be7+ 1-0

[Event "Plzen Calliditas op"]
[Site "Plzen"]
[Date "2020.08.24"]
[Round "2"]
[White "Mastny, Theodor"]
[Black "Langmajer, Jan"]
[Result "1/2-1/2"]
[WhiteElo "1440"]
[BlackElo "1716"]
[PlyCount "119"]
[EventDate "2020.08.23"]
[EventType "swiss"]
[EventRounds "9"]
[EventCountry "CZE"]
[SourceTitle "CBM 198 Extra"]
[Source "ChessBase"]
[SourceDate "2020.11.30"]
[SourceVersion "1"]
[SourceVersionDate "2020.11.30"]
[SourceQuality "1"]

1. d4 d5 2. c4 e6 3. Nc3 Nf6 4. Bg5 Nbd7 5. e3 c6 6. Nf3 Qa5 7. a3 Ne4 8. Qc1 dxc4 9. Bf4 b5 10. Be2 Ndf6 11. 0-0 Nxc3 12. Qxc3 Qxc3 13. bxc3 Nd5 14. Rfc1 Nxf4 15. exf4 f6 16. Nd2 c5 17. dxc5 Bb7 18. a4 0-0-0 19. Nf3 Bxc5 20. axb5 Bxf3 21. Bxf3 Rd2 22. Ra4 Bxf2+ 23. Kh1 Rhd8 24. Rxc4+ Kb8 25. Rc6 R8d6 26. Rxd6 Rxd6 27. c4 Be3 28. Re1 Bd4 29. g3 Kc7 30. Bg4 e5 31. fxe5 fxe5 32. Bf3 Kb6 33. Kg2 Kc5 34. Bd5 Rf6 35. Rf1 Rxf1 36. Kxf1 Be3 37. Ke2 Bg1 38. h3 Kd4 39. Be6 e4 40. Bd5 e3 41. g4 Bf2 42. Be6 h6 43. Bd5 g5 44. Bf7 Bg3 45. Bd5 Bd6 46. Bg8 Bc5 47. Bd5 Bb6 48. Bg8 Ke4 49. Bd5+ Kf4 50. Bg2 Kg3 51. Bf1 Bc5 52. Ke1 Kh2 53. Be2 Kxh3 54. Kd1 Kg2 55. Kc2 Kf2 56. Kd3 Kg3 57. Ke4 Bb6 58. Bd1 Kf2 59. Kd3 Kg3 60. Ke4 1/2-1/2